| 000 | 00497nmm a2200145Ia 4500 | ||
|---|---|---|---|
| 008 | 251105s9999||||xx |||||||||||||||||und|| | ||
| 041 | _aspa | ||
| 100 | _aFundació Víctor Grífols i Lucas | ||
| 245 | 0 | _aUn marco de referencia ético entre empresa y centro de investigación | |
| 264 |
_a[Madrid, España] : _bFundació Víctor Grífols i Lucas, _c2004 |
||
| 300 | _a74 páginas | ||
| 650 | _aEconomics and Business | ||
| 856 | _uhttps://public.digitaliapublishing.com/a/24323 | ||
| 942 | _cCF | ||
| 999 |
_c104213 _d104213 |
||